Introduction to wireless and mobile systems /

Bibliographic Details
Main Author: Agrawal, Dharma P. (Dharma Prakash), 1945-
Other Authors: Zeng, Qing-An
Format: Book
Language:English
Published: Australia : Stamford, CT : Cengage Learning, [2011]
Edition:3rd ed.
Subjects:

MARC

Tag First Indicator Second Indicator Subfields
LEADER 00000cam a2200000Ma 4500
001 in00002741821
005 20151202152430.0
008 020531s2011 at a b 001 0 eng d
020 |a 9781439062050 
020 |a 1439062056 
035 |a (OCoLC)ocn754850314 
035 |a (OCoLC)754850314 
040 |a CNCEN  |c CNCEN  |d YDXCP  |d BWX  |d UtOrBLW 
049 |a TXAM 
050 4 |a TK5103.2  |b .A42 2011 
082 0 4 |a 621.382  |2 21 
100 1 |a Agrawal, Dharma P.  |q (Dharma Prakash),  |d 1945- 
245 1 0 |a Introduction to wireless and mobile systems /  |c Dharma Prakesh Agrawal, Qing-An Zeng. 
250 |a 3rd ed. 
264 1 |a Australia :  |a Stamford, CT :  |b Cengage Learning,  |c [2011] 
264 4 |c ©2011 
300 |a xxvi, 582 pages :  |b illustrations ;  |c 24 cm. 
336 |a text  |b txt  |2 rdacontent 
337 |a unmediated  |b n  |2 rdamedia 
338 |a volume  |b nc  |2 rdacarrier 
504 |a Includes bibliographical references and index. 
650 0 |a Wireless communication systems. 
650 0 |a Mobile communication systems. 
700 1 |a Zeng, Qing-An. 
938 |a YBP Library Services  |b YANK  |n 7349402 
938 |a Blackwell Book Service  |b BBUS  |n 7349402 
947 |a A14840564994 
945 |a PromptCat  |b 831031 
946 |a stk 
994 |a 92  |b TXA 
948 |a Cataloged  |b h  |c 2012/4/11  |d c  |e rsmith 
999 |a MARS 
999 f f |s 22029b77-393e-3a01-93d7-fdfa54d92990  |i 36fc3b12-af11-3ad8-8880-af495916b78b  |t 0 
952 f f |p normal  |a Texas A&M University  |b College Station  |c Sterling C. Evans Library  |d Evans: Library Stacks  |t 0  |e TK5103.2 .A42 2011  |h Library of Congress classification  |i unmediated -- volume  |m A14840564994 
998 f f |a TK5103.2 .A42 2011  |t 0  |l Evans: Library Stacks